| 000 | 00434nam a2200181Ia 4500 | ||
|---|---|---|---|
| 005 | 20240823011355.0 | ||
| 008 | 240823s9999||||xx |||||||||||||| ||und|| | ||
| 041 | _aENGLISH | ||
| 082 | _A519 P2 | ||
| 100 | _a"Kreyszig,Erwin" | ||
| 245 | 0 | _aAdvanced Engineering Mathematics | |
| 250 | _a8th | ||
| 260 |
_c2002 _b"John Wiley,New York" |
||
| 500 | _aTRANSFERED | ||
| 650 |
_aMATHS _bMathematics |
||
| 942 | _cBK | ||
| 999 |
_c161351 _d161351 |
||